| 000 | 00776nam a2200277Ia 4500 | ||
|---|---|---|---|
| 003 | OSt | ||
| 005 | 20220925223046.0 | ||
| 006 | a|||||r|||| 00| 0 | ||
| 007 | ta | ||
| 008 | 220923b |||||||| |||| 00| 0 eng d | ||
| 020 | _a0415021979 | ||
| 037 | _cGeneral Book | ||
| 040 |
_aRTL _cRTL _beng |
||
| 041 |
_2eng _aeng |
||
| 082 | _aRxN30:g, N8 | ||
| 100 |
_aHobson Marian _916889 |
||
| 245 | 0 |
_aJacques Deridda _b Opening lines |
|
| 260 |
_aLondon _bRoutledge _c1998 |
||
| 300 |
_axii, 288p Bibliography: P 269-78 _ccm. |
||
| 490 | _aCritics of the Twentieth Century | ||
| 650 | _a Classics | ||
| 650 |
_a Jacques Derrida _9288864 |
||
| 650 | _aPhilosophy | ||
| 942 |
_hRxN30:g, N8 _cGB _2CC |
||
| 999 |
_c578524 _d578524 |
||